00827nam a2200205 a 450000100100000000500170001000800410002702000150006804000250008324500890010826000720019730000210026949000390029050400310032970000330036071000600039383000460045395201050049999900170060400004131120201002034758.0130930s2001 sp ac 000 0 spa d a8400080025 aDO-SdBNPbspacBNPHU00aDiego Angulo Íñiguez, historiador del arte /ccoordinadora Isabel Mateo Gómez. aMadrid :bConsejo Superior de Investigaciones Científicas,c2001. a355 p. ;c29 cm.1 aBiblioteca de historia del artev1 aBibliografía : p. 51-1501 aMateo Gómez, Isabel9679342 aConsejo Superior de Investigaciones Científicas94786 0aBiblioteca de historia del artev1967935 001050718MOaGRbGRcCTd2013-09-30iLF1l0o p41311-10r2020-06-25w2020-06-25y1ZNo se presta c40801d40801